UBT Library

Current surgical diagnosis & treatment / (Record no. 39386)

000 -LEADER
fixed length control field 00676cam a2200229 a 4500
001 - CONTROL NUMBER
control field 1408594
005 - DATE AND TIME OF LATEST TRANSACTION
control field 20171226041931.0
008 - FIXED-LENGTH DATA ELEMENTS--GENERAL INFORMATION
fixed length control field 830504s1983 caua b 001 0 eng
010 ## - LIBRARY OF CONGRESS CONTROL NUMBER
LC control number 83081194
020 ## - INTERNATIONAL STANDARD BOOK NUMBER
International Standard Book Number 0870411950 (pbk.) :
Terms of availability $28.00
040 ## - CATALOGING SOURCE
Original cataloging agency DLC
Transcribing agency DLC
Modifying agency DLC
041 ## - LANGUAGE CODE
Language code of text/sound track or separate title eng
080 ## - UNIVERSAL DECIMAL CLASSIFICATION NUMBER
Universal Decimal Classification number 617
082 00 - DEWEY DECIMAL CLASSIFICATION NUMBER
Classification number 617 WAY
Edition number 19
100 ## - Rafti
Rafti 7
101 ## - Shkurtesa
Shkurtesa KIR
245 00 - TITLE STATEMENT
Title Current surgical diagnosis & treatment /
Statement of responsibility, etc Lawrence W. Way, editor ; illustrated by Laurel V. Schaubert.
504 ## - BIBLIOGRAPHY, ETC. NOTE
Bibliography, etc Includes bibliographies and index.
740 0# - ADDED ENTRY--UNCONTROLLED RELATED/ANALYTICAL TITLE
Uncontrolled related/analytical title Current surgical diagnosis and treatment.
906 ## - LOCAL DATA ELEMENT F, LDF (RLIN)
a 7
b cbc
c orignew
d 3
e opcn
f 19
g y-gencatlg
942 ## - ADDED ENTRY ELEMENTS (KOHA)
Source of classification or shelving scheme
Item type Books
Holdings
Withdrawn status Lost status Source of classification or shelving scheme Damaged status Not for loan Collection code Permanent location Current location Shelving location Date acquired Total Checkouts Full call number Barcode Date last seen Price effective from Koha item type
          Koleksioni i përgjithshem UBT - Lipjan UBT - Lipjan Koleksioni i përgjithshem 12/26/2017   617 WAY 002-2939663 12/26/2017 12/26/2017 Books
UBT Library © 2015-2024. All rights reserved University Education for Business and Technology